000 00557nam a22001817a 4500
999 _c18395
_d18395
008 200730b xxu||||| |||| 00| 0 eng d
020 _a1611172416
050 _aRJ216
_b.K64 2013 c.1
100 _aKoerber, Amy
245 _aBreast or Bottle?
_bContemporary Controversies in Infant-Feeding Policy and Practice
_cAmy Koerber
250 _bxiii, 190p.
260 _aColumbia
_bUniversity of South Carolina Press
_c2013
300 _axiii,190p.
650 _aInfants
_vNutrition
650 _aBreastfeeding
650 _aBottle feeding
942 _2lcc
_cBK